| 000 | 00362 a2200121 4500 | ||
|---|---|---|---|
| 001 | ART_8999 | ||
| 005 | 20260410161834.0 | ||
| 008 | 260409a | ||
| 245 | 1 | 0 | _aActualidad financiera y cambiaria |
| 100 | 1 | _aSun, Ramón F. | |
| 700 | 1 | _aArévalo, Horacio J. | |
| 773 | 0 |
_tContabilidad y administración _g- Año 3, Nº 34 (abr. 1980) _wREV5485 |
|
| 999 |
_c23516 _d23516 |
||